Statystyki dla Państwa na literę P

Kliknij tutaj aby rozwiązać quiz!

Ogólne statystyki

  • Ten quiz został rozwiązany 252 147 razy
  • Średni wynik to 5 z 8

Statystyki odpowiedzi

Kraj% Poprawnych
Polska
98%
Portugalia
89%
Peru
73%
Pakistan
68%
Panama
64%
Paragwaj
63%
Papua-Nowa Gwinea
39%
Palau
31%

Rozkład punktacji

Percentyl według liczby udzielonych odpowiedzi

Procent ludzi z każdym wynikiem

Twoja historia wyników

Nie rozwiązałeś tego quizu